000 01109nas a2200277 4500
001 BR8202045
003 BR-BrBNA
005 20231205085128.0
007 ta
008 230509b bl.|||p| |||| 00| 00por d
040 _aBR-BrBNA
_bpor
_cBiblioteca Nacional de Agricultura
041 _a(En)
072 _aH20
100 1 _aAdisa, V.A.
100 1 _aFajola, A.O.
245 1 _aControl of the post-harvest fruit rots of citrus sinensis caused by Aspergillus aculeatus and Botryodiplodia theobromae [Podridao do fruto; Laranja; Morte descendente; Fungicida; Controle quimico]
246 1 _aControl of the post-harvest fruit rots of Citrus sinensis caused by Aspergillus aculeatus and Botryodiplodia theobromae [Fruit rot; Orange; Descendig death; Fungicide; Chemical control]
650 _aLARANJA
650 _aPODRIDAO DO FRUTO
650 _aMORTE DESCENDENTE
650 _aFUNGICIDA
650 _aCONTROLE QUIMICO
773 0 _tFitopatologia Brasileira (Brazil)
_xISSN 0100-4158
_g(Jun 1982), v. 7(2) p. 295-302
_wBR8202045
909 _a202311
_bLúcia
_c55
_dLúcia Elande
942 _2AGRIS
_n0
_cANA
999 _c109406
_d109406